Bilančný princíp ako východisko pre zostavenie súvahy bakalárska práca

Gespeichert in:
Bibliographische Detailangaben
1. Verfasser: Martoňáková, Miroslava
Körperschaft: Fakulta hospodárskej informatiky EU. Katedra účtovníctva a audítorstva
Weitere Verfasser: Vlkoláčková, Miroslava
Format: Buch
Sprache:Slowakisch
Veröffentlicht: Bratislava 2010
Tags: Tag hinzufügen
Keine Tags, Fügen Sie das erste Tag hinzu!

MARC

LEADER 00000nam$a2200000$$$4500
001 0137136
005 20240320072752.1
041 0 |a slo 
044 |a SK 
245 1 0 |a Bilančný princíp ako východisko pre zostavenie súvahy  |b bakalárska práca  |c Miroslava Martoňáková ; školiteľ: Miroslava Vlkoláčková 
264 1 |a Bratislava  |c 2010 
300 |a 44 s. 
100 1 |a Martoňáková, Miroslava 
700 1 |a Vlkoláčková, Miroslava 
710 2 |a Fakulta hospodárskej informatiky EU. Katedra účtovníctva a audítorstva